00493nam a2200181Ia 4500003000900000008004100009020001800050040001600068080001900084100001800103245004700121260004500168300001500213650002100228650002100249650002000270650002100290IN-BaIIA211028s9999 xx 000 0 eng d a0-91-565457-9 cIIA Library a031:615.8bUDW aUdwadia, F. E 0aMan and medicineba historycF. E. Udwadia aNew DelhibOxford University Pressc2000 axvi, 496p. aArchaic Medicine aChinese Medicine aIndian Medicine aWestern Medicine